000 00538nam a22001937a 4500
005 20231209123039.0
008 231209b ||||| |||| 00| 0 eng d
020 _a0471303534
040 _cAL
041 _aeng
082 _223
_a658.562015195
_bMONI
100 _aDouglas Montgomery C.
_9144714
245 _aIntroduction to statistical quality control
250 _a3rd ed.
260 _aNew York
_bJohn Wiley and Sons
_c1996
300 _axix,675p.
_bHB
_c24x18cm.
650 _2Production
_aManagement
_9144715
942 _2ddc
_cBK
999 _c229442
_d229442